[Event "It (open)"]
[Site "masterchessopen.com – Isle of Lewis (Scotland)"]
[Round "0"]
[White "Rutherford William (SCO)"]
[Black "Pyrich George (SCO)"]
[Result "1-0"]
[WhiteElo "2176"]
[BlackElo "2014"]

1.d4 Nf6 2.c4 g6 3.f3 Bg7 4.e4 d6 5.Nc3 O-O 6.Be3 Nc6 7.Nge2 Rb8 8.Qd2 a6 9.h4
h5 10.O-O-O b5 11.Nd5 bxc4 12.Nxf6+ exf6 13.g4 d5 14.gxh5 dxe4 15.Nf4 Bf5
16.hxg6 fxg6 17.Bxc4+ Kh7 18.fxe4 Bxe4 19.Ne6 Qe7 20.h5 g5 21.h6 Bh8 22.Nxf8+
Qxf8 23.Bd3 Qe7 24.Qc2 f5 25.Bxe4 Qxe4 26.Qxe4 fxe4 27.a3 Rb5 28.Rh2 Rd5
29.Rc2 Nxd4 30.Rxc7+ Kxh6 31.Rh1+ {#r} 1-0

[Event "It (open)"]
[Site "masterchessopen.com – Le Touquet (France)"]
[Round "0"]
[White "Fattoumi Heykel (FRA)"]
[Black "Gurevich Vladimir (UKR)"]
[Result "0-1"]
[WhiteElo "2205"]
[BlackElo "2435"]

1.d4 Nf6 2.c4 g6 3.Nc3 Bg7 4.e4 d6 5.f3 O-O 6.Be3 Nc6 7.Nge2 a6 8.Qd2 Rb8 9.a4
h5 10.Nc1 e5 11.d5 Nd4 12.N1e2 c5 13.dxc6 bxc6 14.Nxd4 exd4 15.Bxd4 Re8 16.Be2
d5 17.cxd5 Rb4 18.Bc5 Nxe4 19.fxe4 Bxc3 20.Qxc3 Rbxe4 21.O-O-O Rxe2 22.dxc6
Qc7 23.Rhe1 Qf4+ 24.Kb1 Qe4+ {#R} 0-1

[Event "Ch Spain"]
[Site "masterchessopen.com – Matalascanas (Spain)"]
[Round "8"]
[White "Teijeiro Barros Alberto (ESP)"]
[Black "Torrecillas Martinez Antonio (ESP)"]
[Result "0-1"]
[WhiteElo "2123"]
[BlackElo "2360"]

1.d4 Nf6 2.c4 g6 3.Nc3 Bg7 4.e4 d6 5.f3 O-O 6.Be3 Nc6 7.Qd2 a6 8.Nge2 Rb8
9.Nc1 e5 10.Nb3 exd4 11.Nxd4 Ne5 12.Be2 c5 13.Nc2 Be6 14.b3 b5 15.cxb5 axb5
16.Bxb5 d5 17.Bxc5 dxe4 18.Bxf8 Qxf8 19.f4 Nd3+ 20.Kf1 Qc5 21.Bxd3 exd3 22.Ne3
Rc8 23.Ned1 Ne4 24.Na4 Qc2 25.Qxc2 dxc2 {#R} 0-1

[Event "Ch Spain (team)"]
[Site "masterchessopen.com – Mondariz (Spain)"]
[Round "4"]
[White "Estremera Panos Sergio (ESP)"]
[Black "Unrath Heiko (GER)"]
[Result "1-0"]
[WhiteElo "2320"]
[BlackElo "2216"]

1.d4 Nf6 2.c4 g6 3.Nc3 d6 4.e4 Bg7 5.f3 O-O 6.Be3 Nc6 7.Qd2 a6 8.Nge2 Rb8 9.h4
h5 10.O-O-O b5 11.Bh6 bxc4 12.g4 Kh7 13.Bxg7 Kxg7 14.Ng3 Rh8 15.gxh5 Nxh5
16.Nxh5+ Rxh5 17.f4 Bg4 18.Be2 Bxe2 19.Qxe2 e6 20.Qxc4 Na5 21.Qxa6 Rb6 22.Qe2
Rxh4 23.Qf3 Rb4 24.Rxh4 Qxh4 25.Rh1 Qf6 26.Ne2 c5 27.e5 dxe5 28.dxe5 Rc4+
29.Kb1 Qf5+ 30.Ka1 Rb4 31.Qa8 {#r} 1-0

[Event "It (open)"]
[Site "masterchessopen.com – Radviliskis (Lithuania)"]
[Round "9"]
[White "Labuckas Aidas (LTU)"]
[Black "Zukauskas Kestutis (LTU)"]
[Result "1-0"]
[WhiteElo "2345"]
[BlackElo "2281"]

1.c4 Nf6 2.Nc3 g6 3.d4 Bg7 4.e4 d6 5.f3 O-O 6.Be3 Nc6 7.Qd2 a6 8.Nge2 Rb8
9.Nc1 e5 10.d5 Nd4 11.N1e2 Nxe2 12.Bxe2 Nh5 13.O-O-O f5 14.Bd3 Nf4 15.Bc2 b5
16.c5 b4 17.Na4 a5 18.h4 fxe4 19.Bxe4 Ba6 20.Kb1 Bb5 21.Bc2 Ne2 22.h5 e4
23.hxg6 hxg6 24.Bh6 Nc3+ 25.Nxc3 bxc3 26.Qe3 Bd3 27.Bxg7 Rxb2+ 28.Ka1 Kxg7
29.Qh6+ Kf7 30.fxe4 Bxe4 {#r} 1-0

[Event "It (open)"]
[Site "masterchessopen.com – St. Petersburg (Russia)"]
[Round "0"]
[White "Novikov Igor A (USA)"]
[Black "Galkin Alexander (RUS)"]
[Result "1-0"]
[WhiteElo "2580"]
[BlackElo "2430"]

1.d4 Nf6 2.c4 g6 3.Nc3 Bg7 4.e4 d6 5.Nge2 O-O 6.f3 Nc6 7.Be3 a6 8.Qd2 Rb8
9.Rb1 Bd7 10.b4 Re8 11.b5 axb5 12.cxb5 Na5 13.Nf4 e5 14.dxe5 dxe5 15.Nfd5 Nxd5
16.Nxd5 b6 17.Rc1 Rc8 18.Rxc7 Rxc7 19.Bxb6 Qh4+ 20.g3 Bh6 21.Qd1 Qg5 22.Nxc7
{#r} 1-0

[Event "Ch Australia"]
[Site "masterchessopen.com – Sydney (Australia)"]
[Round "5"]
[White "Hirschhorn Jeremy (AUS)"]
[Black "Curtis Ry (AUS)"]
[Result "0-1"]
[WhiteElo "2198"]
[BlackElo "2205"]

1.d4 Nf6 2.c4 g6 3.Nc3 Bg7 4.e4 d6 5.f3 O-O 6.Be3 Nc6 7.Nge2 a6 8.Qd2 Rb8 9.h4
h5 10.Nc1 e5 11.d5 Nd4 12.Nb3 c5 13.dxc6 bxc6 14.Nxd4 exd4 15.Bxd4 Re8
16.O-O-O Qa5 17.b3 c5 18.Bxf6 Bxf6 19.Na4 Rb4 20.a3 Rxa4 21.bxa4 Qxa4 22.Qd3
Be6 23.Kd2 Qa5+ 24.Ke2 Bd4 25.Rb1 d5 26.cxd5 Bxd5 27.Kd1 Bc6 28.Rb3 Rd8 29.Qc2
Be3+ {#R} 0-1

[Event "It"]
[Site "masterchessopen.com – Winnipeg (Canada)"]
[Round "0"]
[White "Sasata Robert (CAN)"]
[Black "Yoos John C (CAN)"]
[Result "0-1"]
[WhiteElo "2279"]
[BlackElo "2345"]

1.d4 g6 2.c4 Nf6 3.Nc3 Bg7 4.e4 d6 5.f3 O-O 6.Be3 Nc6 7.Qd2 a6 8.Nge2 Rb8 9.h4
h5 10.O-O-O b5 11.Nd5 bxc4 12.Nxf6+ Bxf6 13.g4 hxg4 14.h5 g5 15.Bxg5 e5
16.Bxf6 Qxf6 17.Nc3 Kh7 18.Nd5 Qh6 19.Bxc4 Nxd4 20.fxg4 {#R} 0-1

[Event "It (open)"]
[Site "masterchessopen.com – Boeblingen (Germany)"]
[Round "0"]
[White "Hardicsay Peter (HUN)"]
[Black "Schlotterbeck Peter (GER)"]
[Result "1-0"]
[WhiteElo "2380"]
[BlackElo "2097"]

1.c4 Nf6 2.Nc3 g6 3.e4 d6 4.d4 Bg7 5.f3 O-O 6.Be3 a6 7.Qd2 Nc6 8.Nge2 Rb8
9.Rb1 b5 10.cxb5 axb5 11.b4 e5 12.d5 Ne7 13.Nc1 Bd7 14.Nb3 Ne8 15.Ba7 Rb7
16.Bf2 f5 17.Na5 Rb8 18.Be2 Nf6 19.Rc1 c6 20.dxc6 Nxc6 21.Qxd6 Nxa5 22.bxa5
Qxa5 23.O-O Kh8 24.Nd5 Nxd5 25.exd5 Rfd8 26.Rc7 Bf8 27.Qxe5+ Bg7 28.Qd6 {#r}
1-0

[Event "Ch Baden-Wuerttemberg (juniors) (under 20)"]
[Site "masterchessopen.com – Baden-Wuerttemberg (Germany)"]
[Round "0"]
[White "Wartlick Karl (GER)"]
[Black "Tuncer Ufuk (TUR)"]
[Result "0-1"]
[WhiteElo "2208"]
[BlackElo "2284"]

1.c4 d6 2.Nc3 g6 3.d4 Bg7 4.e4 Nf6 5.f3 O-O 6.Be3 Nc6 7.Qd2 a6 8.Nge2 Rb8 9.h4
e5 10.d5 Na5 11.Ng3 c5 12.h5 Bd7 13.Bd3 b5 14.b3 bxc4 15.bxc4 Rb4 16.Qe2 Qb6
17.Bc1 Qc7 18.Ba3 Rb7 19.hxg6 fxg6 20.Qd2 Be8 21.O-O-O Rb3 22.Bb2 Bd7 23.Kc2
Rb4 24.Qe2 Rfb8 25.Rb1 Ba4+ 26.Kc1 h5 27.Nf1 Bh6+ 28.Nd2 Bb3 29.a3 Rxc4 30.f4
Bxf4 31.Rf1 Rd4 32.g3 Bg5 33.Rxf6 Bxf6 {#R} 0-1

[Event "Ch Catalunia"]
[Site "masterchessopen.com – Barcelona (Spain)"]
[Round "5"]
[White "Ruiz Mata Oscar (ESP)"]
[Black "Torrecillas Martinez Antonio (ESP)"]
[Result "0-1"]
[WhiteElo "2308"]
[BlackElo "2355"]

1.d4 Nf6 2.c4 g6 3.Nc3 Bg7 4.e4 d6 5.f3 O-O 6.Be3 Nc6 7.Qd2 a6 8.Nge2 Rb8 9.h4
b5 10.h5 e5 11.d5 Na5 12.Ng3 bxc4 13.Nf5 gxf5 14.h6 Bh8 15.Bb6 Nxe4 16.fxe4
cxb6 17.Rh5 f4 18.g3 Bg4 19.Rh4 f5 20.Be2 Bf6 {#R} 0-1

[Event "It (open)"]
[Site "masterchessopen.com – Eger (Hungary)"]
[Round "5"]
[White "Dornauer Joachim (AUT)"]
[Black "Sziraki Tamas (HUN)"]
[Result "0-1"]
[WhiteElo "2138"]
[BlackElo "2310"]

1.d4 Nf6 2.c4 g6 3.Nc3 Bg7 4.e4 d6 5.f3 O-O 6.Be3 Nc6 7.Nge2 a6 8.Qd2 Rb8 9.h4
h5 10.Nc1 e5 11.d5 Nd4 12.Nb3 Nxb3 13.axb3 c5 14.Bd3 Bd7 15.O-O-O b5 16.Rdg1
b4 17.Ne2 a5 18.Bg5 Qc8 19.g4 hxg4 20.h5 Nxh5 21.Ng3 Nf4 22.fxg4 Bxg4 23.Nf5
Nxd3+ 24.Qxd3 gxf5 25.exf5 Qxf5 26.Qe3 f6 27.Bh6 Rb7 28.Rh4 Bxh6 29.Qxh6 Rg7
{#R} 0-1

[Event "Ch France (team) (juniors) (under 18)"]
[Site "masterchessopen.com – France"]
[Round "0"]
[White "Coursaget Nicolas (FRA)"]
[Black "David Vincent (FRA)"]
[Result "1-0"]
[WhiteElo "2160"]
[BlackElo "2392"]

1.d4 Nf6 2.c4 g6 3.Nc3 Bg7 4.e4 d6 5.f3 O-O 6.Be3 a6 7.Qd2 Nc6 8.Nge2 Rb8
9.Bh6 b5 10.cxb5 axb5 11.h4 b4 12.Nd5 Bxh6 13.Qxh6 e6 14.Ne3 Ba6 15.Nf4 Bxf1
16.Kxf1 Nxd4 17.h5 Qe7 18.Nh3 Rb5 19.Ng5 Re8 20.Rd1 Nc6 21.Nxh7 Nxh5 22.Ng4
Ne5 23.Nhf6+ {#r} 1-0

[Event "Bayern Regionalliga Northeast"]
[Site "masterchessopen.com – Germany"]
[Round "6"]
[White "Hein Manfred (GER)"]
[Black "Thiele Heinz"]
[Result "1-0"]
[WhiteElo "2102"]
[BlackElo "2010"]

1.d4 Nf6 2.c4 g6 3.Nc3 Bg7 4.e4 d6 5.f3 O-O 6.Be3 Nc6 7.Nge2 a6 8.Qd2 Rb8 9.g4
e5 10.d5 Na5 11.Ng3 c5 12.h4 Bd7 13.h5 b5 14.Bh6 Bxh6 15.Qxh6 Qe7 16.cxb5 axb5
17.g5 Ne8 18.Rc1 b4 19.Nd1 Nc7 20.b3 Nb5 21.Bxb5 Rxb5 22.Rc2 Rb7 23.Rch2 Bc8
24.Ne3 Ra7 25.Qxh7+ Kxh7 26.hxg6+ Kxg6 27.Rh6+ Kxg5 28.R1h5+ Kf4 29.Kf2 {#r}
1-0

[Event "Bundesliga (2nd) East 1995/96"]
[Site "masterchessopen.com – Germany"]
[Round "0"]
[White "Dengler Dijana (BIH)"]
[Black "Grafe Wilhelm (GER)"]
[Result "1-0"]
[WhiteElo "2071"]
[BlackElo "2205"]

1.d4 Nf6 2.c4 g6 3.Nc3 Bg7 4.e4 d6 5.f3 O-O 6.Be3 Nc6 7.Qd2 a6 8.Nge2 Rb8 9.a3
Bd7 10.b4 Re8 11.d5 Ne5 12.Nd4 e6 13.Be2 Qe7 14.O-O exd5 15.cxd5 b5 16.Rac1
Rec8 17.Rfd1 c6 18.dxc6 Bxc6 19.Nxc6 Rxc6 20.Nd5 Nxd5 21.Qxd5 Rxc1 22.Rxc1 g5
23.f4 gxf4 24.Bxf4 Kh8 25.Rf1 Rc8 26.Kh1 h6 27.h3 Qh4 28.Qxd6 Rc6 29.Qb8+ {#r}
1-0

[Event "Ch Germany (juniors) (team)"]
[Site "masterchessopen.com – Germany"]
[Round "0"]
[White "Fuhrmann Daniel (GER)"]
[Black "Enzmann Steffen (GER)"]
[Result "1-0"]
[WhiteElo "2265"]
[BlackElo "2135"]

1.d4 Nf6 2.c4 g6 3.Nc3 Bg7 4.e4 d6 5.f3 O-O 6.Be3 Nc6 7.Nge2 a6 8.Qd2 Rb8
9.Nc1 e5 10.d5 Nd4 11.N1e2 c5 12.dxc6 Nxc6 13.Nd5 Nxd5 14.cxd5 Ne7 15.O-O-O b5
16.Kb1 f5 17.Nc1 Bd7 18.Nb3 Rc8 19.Be2 Kh8 20.Qb4 Qc7 21.Rc1 Qb8 22.Qa5 Ng8
23.Qxa6 fxe4 24.fxe4 Nf6 25.Nd2 Ng4 26.Bxg4 Bxg4 27.Rxc8 Rxc8 28.Rc1 Rxc1+
29.Kxc1 h5 30.Qb6 Qa8 31.Kb1 Qa4 32.b3 Qb4 33.Kb2 {#r} 1-0

[Event "Oberliga East 1997/98 (play-off)"]
[Site "masterchessopen.com – Germany"]
[Round "0"]
[White "Sulskis Sarunas (LTU)"]
[Black "Hoffmann Hendrik (GER)"]
[Result "0-1"]
[WhiteElo "2515"]
[BlackElo "2280"]

1.e4 d6 2.d4 Nf6 3.f3 g6 4.c4 Bg7 5.Nc3 O-O 6.Be3 a6 7.Qd2 Nc6 8.Nge2 Rb8
9.Nc1 e5 10.d5 Nd4 11.N1e2 c5 12.dxc6 bxc6 13.Nxd4 exd4 14.Bxd4 Qa5 15.Rc1 Be6
16.Be2 d5 17.cxd5 cxd5 18.b3 Rbc8 19.e5 Nd7 20.f4 f6 21.exf6 Nxf6 22.Bf3 Ne4
23.Bxe4 Bxd4 24.Qxd4 Rxf4 25.Ke2 dxe4 26.h3 Qg5 27.g4 Rd8 {#R} 0-1

[Event "It (open)"]
[Site "masterchessopen.com – Gross-Gerau (Germany)"]
[Round "5"]
[White "Jugow Alexander (GER)"]
[Black "Kuenitz Klaus (GER)"]
[Result "1-0"]
[WhiteElo "2152"]
[BlackElo "1637"]

1.d4 Nf6 2.c4 g6 3.Nc3 Bg7 4.e4 d6 5.f3 O-O 6.Be3 Nc6 7.Nge2 a6 8.Qd2 Rb8 9.h4
h5 10.O-O-O b5 11.g4 hxg4 12.Ng3 b4 13.Nd5 gxf3 14.h5 gxh5 15.Bh6 e6 16.Bxg7
exd5 17.Qh6 Nh7 18.Rxh5 {#r} 1-0

[Event "It (open) \"]
[Site "masterchessopen.com – Klatovy (Czech Republic)"]
[Round "4"]
[White "Cedikova Katerina (CZE)"]
[Black "Folk Petr (CZE)"]
[Result "0-1"]
[WhiteElo "2212"]
[BlackElo "2275"]

1.d4 Nf6 2.c4 g6 3.Nc3 Bg7 4.e4 d6 5.f3 O-O 6.Be3 Nc6 7.Nge2 a6 8.Qd2 Rb8 9.g4
b5 10.cxb5 axb5 11.Ng3 e5 12.d5 Nd4 13.Bxd4 exd4 14.Nxb5 Nxd5 15.exd5 Qe8+
16.Kf2 Rxb5 17.Bxb5 Qxb5 18.Rac1 Qxd5 19.Rxc7 Qxa2 20.Rhc1 Be6 21.Ne4 Qd5
22.h3 f5 23.gxf5 Bxf5 24.Rxg7+ Kxg7 25.Rc7+ Rf7 26.Rxf7+ Kxf7 27.Ng5+ Kg7
28.Qe2 Qe5 29.Qxe5+ dxe5 30.h4 h6 31.Ne4 Bxe4 32.fxe4 Kf7 {#R} 0-1

[Event "It (open)"]
[Site "masterchessopen.com – Litomysl (Czech Republic)"]
[Round "3"]
[White "Czerwonski Aleksander (POL)"]
[Black "Pisk Petr (CZE)"]
[Result "1-0"]
[WhiteElo "2410"]
[BlackElo "2305"]

1.d4 Nf6 2.c4 g6 3.Nc3 Bg7 4.e4 d6 5.f3 O-O 6.Be3 Nc6 7.Nge2 a6 8.Qd2 Rb8 9.h4
h5 10.Bh6 b5 11.O-O-O bxc4 12.g4 e5 13.d5 Ne7 14.Ng3 hxg4 15.h5 gxf3 16.Bxc4
Rb4 17.Bd3 Rd4 18.Be3 Ng4 19.Rdg1 c6 20.hxg6 fxg6 21.dxc6 f2 22.Rf1 Nxe3
23.Qxe3 Nxc6 24.Nge2 Na5 25.Qg3 Qc7 26.Qxg6 Rxd3 27.Qh7+ Kf7 28.Rxf2+ Ke8
29.Rxf8+ Kxf8 30.Rf1+ Ke8 31.Qg8+ Kd7 32.Rf7+ {#r} 1-0

[Event "It (cat.8)"]
[Site "masterchessopen.com – Moscow (Russia)"]
[Round "0"]
[White "Genba Vladimir (RUS)"]
[Black "Drozdov Igor (RUS)"]
[Result "0-1"]
[WhiteElo "2380"]
[BlackElo "2450"]

1.d4 Nf6 2.c4 g6 3.Nc3 Bg7 4.e4 d6 5.f3 O-O 6.Be3 Nc6 7.Qd2 a6 8.Nge2 Rb8 9.a3
Bd7 10.b4 e6 11.Rd1 h5 12.Nc1 e5 13.d5 Ne7 14.Be2 Nh7 15.Bh6 f5 16.Bxg7 Kxg7
17.exf5 Nxf5 18.O-O Qg5 19.Qxg5 Nxg5 20.Rd2 Ne3 21.Rf2 h4 22.Nd1 Nf5 23.h3 e4
24.Rf1 Ng3 25.Rf2 Rfe8 {#R} 0-1

[Event "Cup Russia (open)"]
[Site "masterchessopen.com – Omsk (Russia)"]
[Round "8"]
[White "Parkov Viacheslav (RUS)"]
[Black "Chigvintsev Andrei (RUS)"]
[Result "0-1"]
[WhiteElo "2348"]
[BlackElo "2325"]

1.d4 Nf6 2.c4 g6 3.Nc3 Bg7 4.e4 d6 5.f3 O-O 6.Be3 Nc6 7.Qd2 a6 8.Nge2 Rb8
9.Nc1 e5 10.d5 Ne7 11.g4 c6 12.a4 cxd5 13.cxd5 h5 14.h3 Nh7 15.Be2 f5 16.Nd3
f4 17.Bf2 Bd7 18.a5 Qe8 19.Bd1 hxg4 20.hxg4 Ng5 21.Ke2 Rc8 22.Ra3 Rc4 23.Kf1
Kf7 24.Bg1 Bf6 25.Qe2 Rc7 26.Ba4 Bxa4 27.Nxa4 Rh8 28.Rxh8 Qxh8 29.Rc3 Rxc3
30.bxc3 Qh3+ 31.Qg2 Qxf3+ 32.Nf2 Qe3 {#R} 0-1

[Event "Ch Bahn"]
[Site "masterchessopen.com – Pocking (Germany)"]
[Round "4"]
[White "Strauss Peter"]
[Black "Reichmann Hendrik (GER)"]
[Result "0-1"]
[WhiteElo "1840"]
[BlackElo "2346"]

1.d4 Nf6 2.c4 g6 3.Nc3 Bg7 4.e4 d6 5.f3 O-O 6.Be3 Nc6 7.Qd2 a6 8.Nge2 Rb8
9.Nc1 e5 10.d5 Nd4 11.N1e2 c5 12.dxc6 bxc6 13.Nxd4 exd4 14.Bxd4 d5 15.cxd5
cxd5 16.Nxd5 Nxd5 17.Bxg7 Kxg7 18.exd5 Re8+ 19.Kd1 Qb6 20.b3 Bb7 21.Bc4 Rbd8
22.Kc2 Bxd5 23.Bxd5 Re5 24.Qc3 Qf2+ 25.Kb1 Rxd5 26.Rc1 Rc5 27.Rc2 Qe1+ 28.Kb2
Rxc3 {#R} 0-1

[Event "It (open)"]
[Site "masterchessopen.com – Reykjavik (Iceland)"]
[Round "2"]
[White "Thorfinnsson Bjorn (ISL)"]
[Black "Yoos John C (CAN)"]
[Result "0-1"]
[WhiteElo "2065"]
[BlackElo "2335"]

1.d4 g6 2.c4 Nf6 3.Nc3 Bg7 4.e4 d6 5.f3 O-O 6.Be3 Nc6 7.Nge2 a6 8.Qd2 Rb8
9.Nc1 e5 10.d5 Nd4 11.N1e2 Nxe2 12.Bxe2 c5 13.dxc6 bxc6 14.O-O-O Be6 15.Qxd6
Qc8 16.Qa3 Nd7 17.c5 a5 18.Na4 Re8 19.b3 Bf8 20.Qb2 Rb4 21.Qc3 Qb7 22.Kc2 f5
23.Bd3 fxe4 24.fxe4 Nf6 25.Rhe1 Nxe4 26.Bxe4 Rxe4 27.Qxa5 Bf5 28.Kc1 Rb4
29.Bd2 Rxb3 30.Be3 Ra8 {#R} 0-1

[Event "It (open)"]
[Site "masterchessopen.com – Solymar (Hungary)"]
[Round "0"]
[White "Zsinka Laszlo (HUN)"]
[Black "Berta Krisztian (HUN)"]
[Result "1-0"]
[WhiteElo "2325"]
[BlackElo "2188"]

1.d4 Nf6 2.c4 g6 3.Nc3 Bg7 4.e4 d6 5.f3 O-O 6.Be3 Nc6 7.Nge2 a6 8.Qd2 Rb8 9.a3
b5 10.cxb5 axb5 11.d5 Ne5 12.Nd4 b4 13.axb4 Rxb4 14.Ncb5 Nc4 15.Bxc4 Rxc4
16.Qd3 Rc5 17.b4 {#r} 1-0

[Event "Ch Australia (juniors) (under 18)"]
[Site "masterchessopen.com – Sydney (Australia)"]
[Round "1"]
[White "Leskiewicz Maksymilian (AUS)"]
[Black "Saw Geoffrey (AUS)"]
[Result "1-0"]
[WhiteElo "2155"]
[BlackElo "2280"]

1.d4 Nf6 2.c4 g6 3.Nc3 Bg7 4.e4 d6 5.f3 Nc6 6.Nge2 a6 7.Be3 Rb8 8.Qd2 O-O
9.O-O-O b5 10.h4 bxc4 11.h5 Bd7 12.Bh6 Bxh6 13.Qxh6 Rb4 14.hxg6 fxg6 15.Nd5
Rf7 16.Nxb4 Nxb4 17.Nc3 e6 18.Bxc4 d5 19.Be2 c5 20.Kb1 Qa5 21.a3 Nc6 22.exd5
exd5 23.dxc5 Qxc5 24.Qg5 Bf5+ 25.Bd3 Rb7 26.Ka1 Bxd3 27.Rxd3 Nd4 28.Qxf6 Nc2+
29.Kb1 Qxa3 30.Qd8+ Kg7 31.Qd7+ {#r} 1-0

[Event "Tournament"]
[Site "masterchessopen.com – Sydney (Australia)"]
[Round "4"]
[White "Safarian Alek (AUS)"]
[Black "Curtis Ry (AUS)"]
[Result "0-1"]
[WhiteElo "2036"]
[BlackElo "2205"]

1.d4 Nf6 2.c4 g6 3.Nc3 Bg7 4.e4 O-O 5.f3 d6 6.Be3 Nc6 7.Qd2 a6 8.Nge2 Rb8 9.h4
h5 10.Nc1 e5 11.d5 Nd4 12.Nb3 c5 13.dxc6 bxc6 14.Nxd4 exd4 15.Bxd4 Re8 16.Bd3
d5 17.e5 c5 18.Bf2 Rxe5+ 19.Be2 Qe7 20.Bg3 d4 21.Ne4 Bf5 22.Nxf6+ Bxf6 23.Bxe5
Qxe5 24.Kf1 d3 25.Bd1 Rxb2 26.Qe1 Qxe1+ 27.Kxe1 Bc3+ 28.Kf1 Bd4 29.Ke1 Rxg2
30.Kf1 Rf2+ {#R} 0-1

[Event "Ch SJRH (juniors) (under 20)"]
[Site "masterchessopen.com – Worms (Germany)"]
[Round "0"]
[White "Karst Elmar (GER)"]
[Black "Lindemann Nils (GER)"]
[Result "1-0"]
[WhiteElo "2292"]
[BlackElo "2069"]

1.d4 Nf6 2.c4 g6 3.Nc3 Bg7 4.e4 d6 5.f3 O-O 6.Be3 Nc6 7.Nge2 a6 8.Qd2 Rb8
9.Nc1 e5 10.Nb3 Bd7 11.d5 Ne7 12.g4 h5 13.h3 b5 14.c5 b4 15.Nd1 hxg4 16.hxg4
Bxg4 17.fxg4 Nxe4 18.Qh2 Nf6 19.Bc4 Re8 20.Nf2 Kf8 21.Bg5 c6 22.Bxf6 Bxf6
23.Ne4 Nxd5 24.Nxd6 Re7 25.O-O-O e4 26.Rdf1 Bg7 27.Qh7 f5 28.Qxg6 {#r} 1-0

[Event "Ch New Zealand"]
[Site "masterchessopen.com – Auckland (New Zealand)"]
[Round "0"]
[White "Krstev Antonio (NZL)"]
[Black "Smith Robert W (NZL)"]
[Result "0-1"]
[WhiteElo "2160"]
[BlackElo "2305"]

1.d4 Nf6 2.c4 g6 3.Nc3 Bg7 4.e4 d6 5.f3 Nc6 6.Be3 a6 7.Qd2 O-O 8.Nge2 Rb8 9.g4
b5 10.Ng3 e5 11.d5 Nd4 12.Bxd4 exd4 13.Nce2 d3 14.Qxd3 bxc4 15.Qxc4 Rxb2
16.Rc1 Nd7 17.Qxc7 Ne5 18.Nd4 Qg5 19.Be2 Qd2+ 20.Kf1 Qxd4 21.Kg2 Nd3 22.Qxd6
Rxe2+ 23.Nxe2 Qf2+ 24.Kh3 Qxf3+ 25.Qg3 Bxg4+ {#R} 0-1

[Event "Ch World (seniors)"]
[Site "masterchessopen.com – Bad Wildbad (Germany)"]
[Round "10"]
[White "Strocka Dietrich Dr"]
[Black "Jugow Alexander (GER)"]
[Result "0-1"]
[WhiteElo "1923"]
[BlackElo "2230"]

1.d4 Nf6 2.c4 g6 3.Nc3 Bg7 4.e4 d6 5.f3 O-O 6.Be3 Nc6 7.Nge2 a6 8.Qd2 Rb8
9.Nc1 e5 10.Nb3 exd4 11.Nxd4 Ne5 12.Rd1 Nh5 13.Be2 f5 14.Bg5 Bf6 15.Bxf6 Qxf6
16.Qe3 f4 17.Qf2 g5 18.Kd2 c5 19.Nc2 Be6 20.b3 Ng7 21.Rdf1 Rfd8 22.g3 b5
23.Nd5 Bxd5 24.cxd5 c4 25.b4 Rdc8 26.Qd4 a5 27.a3 axb4 28.axb4 Ra8 29.Ra1 fxg3
30.hxg3 Nxf3+ 31.Bxf3 Qxf3 {#R} 0-1

[Event "Ch Bremen"]
[Site "masterchessopen.com – Bremen (Germany)"]
[Round "1"]
[White "Hoffmann Asa (USA)"]
[Black "Jugelt Tobias (GER)"]
[Result "1-0"]
[WhiteElo "2280"]
[BlackElo "2370"]

1.c4 g6 2.e4 Bg7 3.d4 d6 4.Nc3 Nf6 5.f3 Nc6 6.Be3 a6 7.Nge2 O-O 8.Qd2 Rb8 9.h4
b5 10.h5 Nxh5 11.Bh6 Bh8 12.Rxh5 Re8 13.Rh1 bxc4 14.O-O-O Bd7 15.g4 Rb4 16.Be3
e6 17.Ng3 Qe7 18.Qh2 f6 19.a3 Rb7 20.Bxc4 Na5 21.Nf5 gxf5 22.gxf5 Qf7 23.Bh6
Bg7 24.Rdg1 Nxc4 {#r} 1-0

[Event "It (b)"]
[Site "masterchessopen.com – Budapest (Hungary)"]
[Round "5"]
[White "Aumann Welf (GER)"]
[Black "Szuk Balazs (HUN)"]
[Result "1-0"]
[WhiteElo "2300"]
[BlackElo "2410"]

1.c4 g6 2.e4 Bg7 3.d4 d6 4.Nc3 Nf6 5.f3 O-O 6.Nge2 Nc6 7.Be3 a6 8.Qd2 Rb8 9.h4
h5 10.Bh6 Bxh6 11.Qxh6 e5 12.Qd2 b5 13.d5 Na5 14.Ng3 bxc4 15.Be2 Kg7 16.O-O-O
Bd7 17.Nf1 c6 18.dxc6 Bxc6 19.g4 hxg4 20.Ng3 Rh8 21.fxg4 Qb6 22.h5 Qf2 23.Rdf1
Qxg3 24.h6+ Kh7 25.Rxf6 Rhf8 26.Rhf1 Rb7 27.Qxd6 Qe3+ 28.Kb1 Qxh6 29.g5 Qg7
30.Qxe5 Bb5 31.Nd5 c3 32.Bxb5 Rxb5 33.Rh1+ {#r} 1-0

[Event "It (cat.3)"]
[Site "masterchessopen.com – Budapest (Hungary)"]
[Round "11"]
[White "Lauber Arnd (GER)"]
[Black "Kahn Evarth Dr (HUN)"]
[Result "1-0"]
[WhiteElo "2325"]
[BlackElo "2270"]

1.d4 Nf6 2.c4 g6 3.Nc3 Bg7 4.e4 d6 5.f3 O-O 6.Be3 Nc6 7.Qd2 a6 8.Nge2 Rb8
9.Nc1 e5 10.d5 Nd4 11.N1e2 c5 12.dxc6 bxc6 13.Nxd4 exd4 14.Bxd4 Re8 15.Be2 d5
16.cxd5 cxd5 17.e5 Nd7 18.O-O Nxe5 19.Rad1 Nc4 20.Bxc4 dxc4 21.Qf4 Bxd4+
22.Rxd4 Bd7 23.Ne4 Kg7 24.Nc5 Qe7 25.Nxd7 Rxb2 26.Re4 Qxd7 27.Rxe8 Rxa2
28.Qe5+ Kh6 29.Re7 {#r} 1-0

[Event "It (open) \"]
[Site "masterchessopen.com – Copenhagen (Denmark)"]
[Round "3"]
[White "Ward Christopher (ENG)"]
[Black "Andersen Ole Bo (DEN)"]
[Result "1-0"]
[WhiteElo "2485"]
[BlackElo "2100"]

1.d4 Nf6 2.c4 g6 3.Nc3 Bg7 4.e4 d6 5.f3 O-O 6.Nge2 a6 7.Be3 Nc6 8.Qd2 Rb8
9.Nc1 e5 10.d5 Nd4 11.N1e2 c5 12.dxc6 Nxc6 13.Nc1 Be6 14.Nb3 b5 15.cxb5 Nb4
16.bxa6 d5 17.Bc5 dxe4 18.Qxd8 Rfxd8 19.a7 Nc2+ 20.Kf2 Rxb3 21.Rd1 Nd4 22.axb3
Nd7 23.Nxe4 f5 24.Bxd4 exd4 25.Ra1 {#r} 1-0

[Event "It (open)"]
[Site "masterchessopen.com – Dieren (Netherlands)"]
[Round "0"]
[White "De Niet Gert Michiel (NED)"]
[Black "Speyer Nico"]
[Result "0-1"]
[WhiteElo "2193"]
[BlackElo "2120"]

1.d4 Nf6 2.c4 g6 3.Nc3 Bg7 4.e4 d6 5.f3 O-O 6.Be3 Nc6 7.Nge2 a6 8.Qd2 Rb8 9.h4
b5 10.h5 e5 11.d5 Na5 12.Ng3 bxc4 13.O-O-O Nd7 14.Nb1 c5 15.dxc6 Nxc6 16.hxg6
hxg6 17.Qxd6 Nd4 18.Nc3 Rb6 19.Qa3 Nf6 20.Bxc4 Qc7 21.Bd5 Rd8 22.Qa5 Nxd5
23.exd5 Bb7 24.Kb1 Rxb2+ {#R} 0-1

[Event "Bayern Regionalliga Northeast"]
[Site "masterchessopen.com – Germany"]
[Round "6"]
[White "Boca Harald (GER)"]
[Black "Thiele Heinz"]
[Result "1-0"]
[WhiteElo "2162"]
[BlackElo "2010"]

1.d4 Nf6 2.c4 g6 3.Nc3 Bg7 4.e4 d6 5.f3 O-O 6.Be3 Nc6 7.Nge2 a6 8.Qd2 Rb8 9.d5
Na5 10.Nc1 c5 11.Nb3 Bd7 12.Nxa5 Qxa5 13.Be2 b5 14.O-O bxc4 15.Bxc4 Rb4 16.b3
Ne8 17.Rac1 Rb7 18.a4 Nc7 19.Qe1 e5 20.Bd2 Qb6 21.f4 f5 22.fxe5 Bxe5 23.Bf4
Re8 24.Qg3 Re7 25.Rce1 Ne8 26.Bxe5 Rxe5 27.exf5 Rxe1 28.Rxe1 Kf7 29.fxg6+ hxg6
30.Qf4+ Kg7 31.Re7+ {#r} 1-0